| 000 | 00574nam a22001697a 4500 | ||
|---|---|---|---|
| 082 |
_a891.439109 _bBUT |
||
| 100 | _aBut,Muhammad Asim | ||
| 245 |
_aIntizar Hussain _cMuhammad Asim Butt |
||
| 260 |
_aLahore: _bAlhamd Publication _c2018: |
||
| 300 |
_a556p. _c26cm. |
||
| 563 | _aHB | ||
| 650 |
_aUrdu fiction—Pakistan—20th century _9129559 |
||
| 880 |
_6100-01\(3\r _aمحمد عاصم بٹ |
||
| 880 |
_6245-02\(3\r _aانتظار حسین/ _bمحمد عاصم بٹ |
||
| 880 |
_6260-03\(3\r _aلاہور. _bالحمد پبلیکیشن _c2018 |
||
| 942 |
_2ddc _cBK |
||
| 999 |
_c614186 _d614186 |
||